| 000 | 00471nam a2200193Ia 4500 | ||
|---|---|---|---|
| 005 | 20231003104557.0 | ||
| 008 | 131103s9999 xx 000 0 und d | ||
| 020 | _a140107908 | ||
| 040 | _aLoreto College | ||
| 041 | _aEnglish | ||
| 082 |
_aF _bPRE |
||
| 100 | _aPremchand | ||
| 245 |
_aDeliverance and other stories _cPremchand |
||
| 260 |
_aNew Delhi _bPenguin Books _c1969 |
||
| 300 | _a262 p. | ||
| 650 | _aFiction in English | ||
| 850 | _aLCLIB | ||
| 942 | _cBK | ||
| 999 |
_c14612 _d65091 |
||